Rzeczowniki na literę Z - Statystyki

Ogólne statystyki
  • Ten quiz został rozwiązany 58 razy
  • Średni wynik to 51 z 114
Statystyki odpowiedzi
Odpowiedź % Poprawnych
ząb
90%
zebra
90%
zegar
90%
zapał
83%
zlot
83%
zupa
83%
złoto
80%
znak
80%
zadanie
78%
zwierzę
78%
zabawa
76%
zakon
76%
zamek
73%
zbiór
73%
zdrowie
73%
zabawka
71%
zapałka
71%
zawód
71%
zima
71%
zasada
68%
ziemniak
68%
zlew
68%
zagroda
66%
zakład
66%
zapalniczka
66%
zawór
66%
zeszyt
66%
ziemia
66%
zakonnik
63%
zbir
63%
zdanie
63%
zioło
63%
zagadka
61%
zając
59%
zalew
59%
zaliczka
59%
zapis
59%
zestaw
59%
zmiana
59%
zachód
56%
zaraza
56%
zawodnik
56%
zez
56%
zakręt
54%
zastawa
54%
zbiórka
54%
zabytek
51%
znamię
51%
zakole
49%
zoo
49%
zajęcie
46%
zazdrość
46%
zięba
46%
złość
46%
zmierzch
46%
zaklęcie
44%
zebranie
44%
ziarno
44%
znicz
44%
zamęt
41%
zawody
41%
zjazd
41%
zwinność
41%
zaleta
39%
zaproszenie
39%
zarost
39%
zbawca
39%
zgryz
39%
zakup
37%
zboże
37%
zjawa
37%
zmysł
37%
zysk
37%
zapach
34%
zaspa
34%
zmywarka
34%
zalotka
32%
zew
32%
zgon
32%
zwid
32%
zaimek
29%
zarząd
29%
zjawisko
29%
złodziej
29%
zespół
27%
zabieg
24%
zachęta
24%
zamysł
24%
zderzak
22%
zwiastun
22%
zamach
20%
zapora
20%
zasięg
20%
znajomość
20%
zdjęcie
17%
zemsta
17%
zwój
17%
zaległość
15%
zjeżdżalnia
15%
zagrożenie
12%
załoga
12%
zamsz
12%
zbiornik
12%
zaręczyny
10%
zaszczyt
10%
zaułek
10%
zaćmienie
7%
zdrapka
7%
zięć
7%
zwycięstwo
7%
zwyczaj
7%
zasługa
5%
zwierciadło
5%
znieczulenie
0%
Nie znaleziono quizów pasujących do podanych kryteriów
Rozkład punktacji
Procent ludzi z każdym wynikiem
Percentyl według liczby udzielonych odpowiedzi
Twoja historia wyników
Nie rozwiązałeś tego quizu